000 00856nam a2200277 i 4500
001 bgj
100 1 _aKIRBY, Doug
245 1 0 _aThe New Roadside America :
_bthe modern traveler's guide to the wild and wonderful world of America's tourist attractions /
_cDoug Kirby ; Ken Smith ; Mike Wilkins.
250 _a1st Fireside edition.
260 _aNew York :
_bFireside,
_c1992.
300 _a287 pp :
_bill. ;
_c24 cm.
490 1 _aA Fireside Book
505 _aIncludes index.
650 9 _aAutomobile travels
_zUnited States
651 9 _aUnited States
655 _aGuide-books
700 1 _aSMITH, Ken.
_eco-author
700 1 _aWILKINS, Mike.
_eco-author
830 _aA Fireside Book
020 _a0671769316
040 _cBPK
041 0 _aeng
920 _a0-671-76931-6
942 _cKS
008 s uk f |000 0 eng
999 _c47971
_d47971